AJ Auxerre Squad 2024-2025 - Statistics

General Stats
  • This quiz has been taken 49 times
    27 since last reset
  • The average score is 17 of 30
Answer Stats
# Position Nation Player % Correct
16 GK French Guiana Donovan Léon
89%
4 DF Brazil Jubal
84%
17 FW Mali Lassine Sinayoko
84%
10 FW France Gaëtan Perrin
79%
- Coach France Christophe Pélissier
74%
14 DF Ghana Gideon Mensah
74%
45 FW Japan Ado Onaiwu
68%
42 MF Ghana Elisha Owusu
68%
19 FW France Florian Ayé
68%
26 DF France Paul Joly
68%
25 MF Ivory Coast Hamed Junior Traorè
63%
9 FW Canada Theo Bair
63%
40 GK France Théo De Percin
63%
23 DF Netherlands Ki-Jana Hoever
58%
3 DF Nigeria Gabriel Osho
53%
80 MF France Han-Noah Massengo
53%
97 MF Madagascar Rayan Raveloson
53%
18 MF Senegal Assane Dioussé
47%
35 MF France Kévin Danois
47%
37 GK France Raphaël Adiceam
47%
13 DF Ivory Coast Clément Akpa
42%
6 DF Morocco Saad Agouzoul
42%
30 GK France Tom Negrel
42%
11 FW Netherlands Eros Maddy
37%
12 DF Norway Fredrik Oppegård
37%
21 MF Ivory Coast Lasso Coulibaly
37%
20 DF Ivory Coast Sinaly Diomandé
37%
24 DF France Ange-Loïc N'Gatta
32%
5 DF France Théo Pellenard
32%
8 MF France Nathan Buayi-Kiala
16%
No matching quizzes found
Score Distribution
Percent of People with Each Score
Percentile by Number Answered
Your Score History
You have not taken this quiz since the last reset